| 000 -LEADER |
| fixed length control field |
00419cam a2200145 i 4500 |
| 020 ## - INTERNATIONAL STANDARD BOOK NUMBER |
| ISBN |
9781422189894 (alk. paper) |
| 040 ## - CATALOGING SOURCE |
| Transcribing agency |
DLC |
| 082 00 - DEWEY DECIMAL CLASSIFICATION NUMBER |
| Classification number |
658 HAR 2013 A116 Or. |
| 245 00 - TITLE STATEMENT |
| Title |
HBR's 10 must reads on making smart decisions. |
| 246 3# - VARYING FORM OF TITLE |
| Title proper/short title |
HBR's ten must reads on making smart decisions |
| 300 ## - PHYSICAL DESCRIPTION |
| Number of Pages |
v, 183 pages ; |
| Dimensions |
21 cm. |
| 490 0# - SERIES STATEMENT |
| Series statement |
HBR's 10 must reads series |
| 650 #0 - SUBJECT ADDED ENTRY--TOPICAL TERM |
| Topical Term |
Decision making. |
| 942 ## - ADDED ENTRY ELEMENTS (KOHA) |
| Koha item type |
ADB |
| 952 ## - LOCATION AND ITEM INFORMATION (KOHA) |
| Withdrawn status [LOCAL, KOHA] |
0 |